<?xml version="1.0" encoding="UTF-8"?>
<record
    xmlns:xsi="http://www.w3.org/2001/XMLSchema-instance"
    xsi:schemaLocation="http://www.loc.gov/MARC21/slim http://www.loc.gov/standards/marcxml/schema/MARC21slim.xsd"
    xmlns="http://www.loc.gov/MARC21/slim">

  <leader>03885nam a22005775i 4500</leader>
  <controlfield tag="001">ssj0002239756</controlfield>
  <controlfield tag="003">WaSeSS</controlfield>
  <controlfield tag="005">20220426125034.0</controlfield>
  <controlfield tag="006">m        d        </controlfield>
  <controlfield tag="007">cr  n         </controlfield>
  <controlfield tag="008">191031s2019    xxu|    o    |||| 0|eng d</controlfield>
  <datafield tag="020" ind1=" " ind2=" ">
    <subfield code="a">9781484249956</subfield>
  </datafield>
  <datafield tag="024" ind1="7" ind2=" ">
    <subfield code="a">10.1007/978-1-4842-4995-6</subfield>
    <subfield code="2">doi</subfield>
  </datafield>
  <datafield tag="040" ind1=" " ind2=" ">
    <subfield code="b">eng</subfield>
    <subfield code="d">WaSeSS</subfield>
    <subfield code="c">AIMIT LIBRARY</subfield>
  </datafield>
  <datafield tag="050" ind1=" " ind2="4">
    <subfield code="a">QA76.6-76.66</subfield>
  </datafield>
  <datafield tag="072" ind1=" " ind2="7">
    <subfield code="a">UMW</subfield>
    <subfield code="2">bicssc</subfield>
  </datafield>
  <datafield tag="072" ind1=" " ind2="7">
    <subfield code="a">COM060160</subfield>
    <subfield code="2">bisacsh</subfield>
  </datafield>
  <datafield tag="072" ind1=" " ind2="7">
    <subfield code="a">UMW</subfield>
    <subfield code="2">thema</subfield>
  </datafield>
  <datafield tag="082" ind1="0" ind2="4">
    <subfield code="a">006.671</subfield>
    <subfield code="2">2</subfield>
    <subfield code="b">UZAS</subfield>
  </datafield>
  <datafield tag="092" ind1=" " ind2=" ">
    <subfield code="a">EBOOK</subfield>
  </datafield>
  <datafield tag="100" ind1="1" ind2=" ">
    <subfield code="a">Uzayr, Sufyan Bin.</subfield>
    <subfield code="9">31945</subfield>
  </datafield>
  <datafield tag="245" ind1="1" ind2="0">
    <subfield code="a">Javascript frameworks for modern web development :</subfield>
    <subfield code="b">the essential frameworks, libraries, and tools to learn right now /</subfield>
    <subfield code="c">By Sufyan bin Uzayr, Nicholas Cloud and Tim Ambler.</subfield>
  </datafield>
  <datafield tag="250" ind1=" " ind2=" ">
    <subfield code="a">2nd ed.</subfield>
  </datafield>
  <datafield tag="260" ind1=" " ind2=" ">
    <subfield code="a">NewYork :</subfield>
    <subfield code="b">Apress ,</subfield>
    <subfield code="c">2022.</subfield>
  </datafield>
  <datafield tag="264" ind1=" " ind2="1">
    <subfield code="a">Berkeley, CA :</subfield>
    <subfield code="b">Apress :</subfield>
    <subfield code="b">Imprint: Apress,</subfield>
    <subfield code="c">2019.</subfield>
  </datafield>
  <datafield tag="300" ind1=" " ind2=" ">
    <subfield code="a">xxvi, 550p. ;</subfield>
    <subfield code="c">25 cm.</subfield>
  </datafield>
  <datafield tag="336" ind1=" " ind2=" ">
    <subfield code="a">text</subfield>
    <subfield code="b">txt</subfield>
    <subfield code="2">rdacontent</subfield>
  </datafield>
  <datafield tag="337" ind1=" " ind2=" ">
    <subfield code="a">computer</subfield>
    <subfield code="b">c</subfield>
    <subfield code="2">rdamedia</subfield>
  </datafield>
  <datafield tag="338" ind1=" " ind2=" ">
    <subfield code="a">online resource</subfield>
    <subfield code="b">cr</subfield>
    <subfield code="2">rdacarrier</subfield>
  </datafield>
  <datafield tag="347" ind1=" " ind2=" ">
    <subfield code="a">text file</subfield>
    <subfield code="b">PDF</subfield>
    <subfield code="2">rda</subfield>
  </datafield>
  <datafield tag="505" ind1="0" ind2=" ">
    <subfield code="a">Part I. Development Tools -- 1. Grunt -- 2. Yeoman -- 3. PM2 -- Part II. Module Loaders -- 4. RequireJS -- 5. Browserify -- Part III. Client-Side Frameworks -- 6. Knockout -- 7. Angular -- Part IV. Server-Side Frameworks -- 8. Kraken -- Part V. Managing Database Interaction -- 9. Mongoose -- 10. Knex and Bookshelf -- Part VI. Managing Control Flow.-11. Async.js -- Part VII. Further Useful Libraries.-12. Underscore and Lodash -- Part VIII. Front-end Development -- 13. React -- 14. Vue.js.</subfield>
  </datafield>
  <datafield tag="506" ind1=" " ind2=" ">
    <subfield code="a">Requires an SPL library card.</subfield>
  </datafield>
  <datafield tag="520" ind1=" " ind2=" ">
    <subfield code="a">Enrich your software design skills and take a guided tour of the wild, vast, and untamed frontier that is JavaScript development. Especially useful for frontend developers, this revision includes specific chapters on React and VueJS, as well as an updated one on Angular. To help you get the most of your new skills, each chapter also has a "further reading" section. This book will serve as an introduction to both new and well established libraries and frameworks, such as Angular, VueJS, React, Grunt, Yeoman, RequireJS, Browserify, Knockout, Kraken, Async.js, Underscore, and Lodash. It also covers utilities that have gained popular traction and support from seasoned developers and tools applicable to the entire development stack, both client- and server-side. While no single book can possibly cover every JavaScript library of value, JavaScript Frameworks for Modern Web Development focuses on incredibly useful libraries and frameworks that production software uses. You will be treated to detailed analyses and sample code for tools that manage dependencies, structure code in a modular fashion, automate repetitive build tasks, create specialized servers, structure client side applications, facilitate horizontal scaling, and interacting with disparate data stores.</subfield>
  </datafield>
  <datafield tag="538" ind1=" " ind2=" ">
    <subfield code="a">Mode of access: World Wide Web.</subfield>
  </datafield>
  <datafield tag="650" ind1=" " ind2="0">
    <subfield code="a">Development tools</subfield>
    <subfield code="9">31946</subfield>
  </datafield>
  <datafield tag="650" ind1=" " ind2="0">
    <subfield code="a">Module loaders</subfield>
    <subfield code="9">31947</subfield>
  </datafield>
  <datafield tag="650" ind1=" " ind2="0">
    <subfield code="a">Server side frameworks</subfield>
    <subfield code="9">31948</subfield>
  </datafield>
  <datafield tag="655" ind1=" " ind2="7">
    <subfield code="a">Electronic books.</subfield>
    <subfield code="2">local</subfield>
    <subfield code="9">31949</subfield>
  </datafield>
  <datafield tag="700" ind1="1" ind2=" ">
    <subfield code="a">Cloud, Nicholas</subfield>
    <subfield code="9">31950</subfield>
  </datafield>
  <datafield tag="700" ind1="1" ind2=" ">
    <subfield code="a">Ambler, Tim</subfield>
    <subfield code="9">31951</subfield>
  </datafield>
  <datafield tag="710" ind1="2" ind2=" ">
    <subfield code="a">SpringerLink (Online service)</subfield>
    <subfield code="9">31952</subfield>
  </datafield>
  <datafield tag="710" ind1="2" ind2=" ">
    <subfield code="a">O'Reilly (Firm)</subfield>
    <subfield code="9">31953</subfield>
  </datafield>
  <datafield tag="710" ind1="2" ind2=" ">
    <subfield code="a">Serials Solutions</subfield>
    <subfield code="9">31954</subfield>
  </datafield>
  <datafield tag="773" ind1="0" ind2=" ">
    <subfield code="t">Springer eBooks</subfield>
  </datafield>
  <datafield tag="776" ind1="0" ind2="8">
    <subfield code="i">Printed edition:</subfield>
    <subfield code="z">9781484249949</subfield>
  </datafield>
  <datafield tag="776" ind1="0" ind2="8">
    <subfield code="i">Printed edition:</subfield>
    <subfield code="z">9781484249963</subfield>
  </datafield>
  <datafield tag="856" ind1="4" ind2="0">
    <subfield code="y">View this electronic item in O'Reilly Online Learning: Academic/Public Library Edition.</subfield>
    <subfield code="u">https://ezproxy.spl.org/login?url=https://learning.oreilly.com/library/view/~/9781484249956/?ar</subfield>
    <subfield code="z">An e-book available through full-text database.</subfield>
  </datafield>
  <datafield tag="942" ind1=" " ind2=" ">
    <subfield code="2">ddc</subfield>
    <subfield code="c">BK</subfield>
    <subfield code="k">006.671 UZAS</subfield>
  </datafield>
  <datafield tag="999" ind1=" " ind2=" ">
    <subfield code="c">222635</subfield>
    <subfield code="d">222635</subfield>
  </datafield>
  <datafield tag="999" ind1=" " ind2=" ">
    <subfield code="b">03653514</subfield>
  </datafield>
  <datafield tag="952" ind1=" " ind2=" ">
    <subfield code="0">0</subfield>
    <subfield code="1">0</subfield>
    <subfield code="2">ddc</subfield>
    <subfield code="4">0</subfield>
    <subfield code="7">0</subfield>
    <subfield code="8">MCA</subfield>
    <subfield code="a">AIMIT</subfield>
    <subfield code="b">AIMIT</subfield>
    <subfield code="d">2022-03-24</subfield>
    <subfield code="e">Biblios Book Point</subfield>
    <subfield code="g">2199.00</subfield>
    <subfield code="i">Bill no:6622; Bill dt:2022-03-23</subfield>
    <subfield code="l">0</subfield>
    <subfield code="o">006.671 UZAS</subfield>
    <subfield code="p">MCA17014</subfield>
    <subfield code="r">2025-07-21 00:00:00</subfield>
    <subfield code="v">1759.00</subfield>
    <subfield code="w">2022-04-26</subfield>
    <subfield code="y">BK</subfield>
  </datafield>
</record>
